|
|
|
|
| LEADER |
00721cam a2200205 7i4500 |
| 001 |
0000031857 |
| 005 |
20100202090000.0 |
| 008 |
100126 eng |
| 020 |
|
|
|a 8174730621 (pbk.)
|
| 020 |
|
|
|a 9788174730626
|
| 040 |
|
|
|a DLC
|
| 090 |
0 |
0 |
|a Q183
|b .S25 1997
|
| 245 |
0 |
0 |
|a Safety in health-care laboratories.
|
| 260 |
|
|
|a Geneva:
|b World Health Organization,
|c 1997.
|
| 300 |
|
|
|a ix; 148 p.:
|b ill.;
|c 31 cm.
|
| 504 |
|
|
|a Includes bibliographical references and index
|
| 650 |
0 |
0 |
|a Laboratories --
|x Safety measures --
|x Standards
|
| 650 |
0 |
0 |
|a Medical laboratories --
|x Safety measures
|
| 650 |
0 |
0 |
|a Chemical laboratories --
|x Safety measures
|
| 999 |
|
|
|a 0000038363
|b BOK
|c OPEN SHELF
|e 1st Floor, Shah Alam
|